000 00444nam a2200169Ia 4500
008 221030s9999 xx 000 0 und d
020 _a8178083175
041 _aEnglish
082 _a105.23
_bMyn
100 _aD. K. Mynbaev
245 0 _aFiber-Optic Communications Technology
_cby D. K. Mynbaev, L. L. Scheiner
260 _bPearson Education
_aNew Delhi
_c2001
300 _a750
650 _aECE
700 _aL. L. Scheiner
942 _cBK
999 _c5942
_d5942